Živá voda domova Hovoríme s básnikom Michalom Chudom

Bibliographic Details
Main Authors: (bn) (Author), Chuda, Michal, 1947- (Author)
Format: Article
Language:Slovak
PhysicalDescription:Fot. 1.
Subjects:

MARC

LEADER 00000nab a2200000 a 4500
001 vtls000010544
003 SK-MaSNL
005 20260303021646.0
008 111103c1978 xo 0 slo
015 |a SNBRB19rr/mm-uuuuu 
035 |a CL0020638 
040 |a SNKBUCL  |b slo  |c SNKBUCL  |e AACR2 
041 0 |a slo 
044 |a xo  |c SK 
080 |a 82:929:885.4  |2 1981 
080 |a 885.4"19"  |2 1981 
080 |a 885.4(091)"19"  |2 1981 
080 |a 92 Chuda, Michal  |2 1981 
100 1 |a (bn)  |4 aut  |9 921098 
245 1 0 |a Živá voda domova  |b Hovoríme s básnikom Michalom Chudom  |c (bn), Michal Chuda 
300 |b Fot. 1. 
600 1 7 |a Chuda, Michal,  |d 1947-  |2 snkbucl  |9 109482 
655 7 |a články z novín a časopisov  |2 snkbucl  |9 267496 
655 7 |a články z odboru literárna veda a krásna literatúra  |2 snkbucl  |9 770045 
700 1 |a Chuda, Michal,  |d 1947-  |4 aut  |9 109482 
773 0 |t Práca  |g Roč. 33, č. 205 (31. 8. 1978), s. 6 
850 |a Slovenská národná knižnica v Martine  |a MTA001 
852 |a SNK  |b KIS3GCP 
958 |a RK 
958 |a LX 
992 |a RBX 
999 |c 1624513  |d 1626443